Welcome to the Holygrace Academy Library

Please use search bar below to get started

RANJI THE MUSIC MAKER (Record no. 2797)

MARC details
000 -LEADER
fixed length control field 00307nam a22001337a 4500
020 ## - INTERNATIONAL STANDARD BOOK NUMBER
ISBN 978-0-143-33358-6
082 ## - DEWEY DECIMAL CLASSIFICATION NUMBER
Classification number 823
Item number BON/R
100 ## - MAIN ENTRY--AUTHOR NAME
Personal name BOND, RUSKIN
245 ## - TITLE STATEMENT
Title RANJI THE MUSIC MAKER
260 ## - PUBLICATION, DISTRIBUTION, ETC. (IMPRINT)
Place of publication GURGAON
Name of publisher PUFFIN BOOKS
Year of publication 2018
300 ## - PHYSICAL DESCRIPTION
Number of Pages 33
650 ## - SUBJECT ADDED ENTRY--TOPICAL TERM
Topical Term CHILDRENS STORY BOOK
Geographic subdivision INDIA
942 ## - ADDED ENTRY ELEMENTS (KOHA)
Koha item type Books
Holdings
Withdrawn status Lost status Collection code Home library Current library Shelving location Date acquired Source of acquisition Cost, normal purchase price Full call number Accession Number Koha item type
    Fiction Main Library Main Library SHELF-14B -ALPHABETICAL -B--ENGLISH NOVELS & FICTIONS 25/01/2019 purchase 150.00 823 BON/R 10676 Books